Spiritual leadership: Stop existing and start living (Record no. 396910)

MARC details
000 -LEADER
fixed length control field 00506 a2200193 4500
005 - DATE & TIME
control field 20260417121807.0
008 - FIXED-LENGTH DATA ELEMENTS--GENERAL INFORMATION
fixed length control field 260417b |||||||| |||| 00| 0 eng d
020 ## - ISBN
International Standard Book Number 9789392586187
Price Rs. 1295.00
040 ## - CATALOGING SOURCE
Original cataloging agency VIVEKANANDA LIBRARY
082 ## - DDC NUMBER
Classification number 658.4092
Book Number R18S
100 ## - MAIN ENTRY--PERSONAL NAME
Personal name Rao, M S
245 ## - TITLE STATEMENT
Title Spiritual leadership: Stop existing and start living
260 ## - PUBLICATION, DISTRIBUTION, ETC. (IMPRINT)
Name of publisher, distributor, etc Aadi Publications
Date of publication, distribution, etc 2023
Place of publication, distribution, etc Jaipur
300 ## - PHYSICAL DESCRIPTION
Pages 174
650 ## - Subject
Subject Management
650 ## - Subject
Subject Executive Management
650 ## - Subject
Subject Leadership
942 ## - ADDED ENTRY ELEMENTS (KOHA)
Koha item type Books
Holdings
Withdrawn status Lost status Source of classification or shelving scheme Damaged status Not for loan Location (home branch) Sublocation or collection (holding branch) Shelving location Date acquired Koha issues (times borrowed) Koha full call number Accession No. Koha date last seen Koha item type
    Dewey Decimal Classification     VIVEKANANDA LIBRARY VIVEKANANDA LIBRARY IMSAR Library 25/02/2026   658.4092 R18S 420934 25/02/2026 Books
© Designed and Maintained by Vivekananda Library, MDU Rohtak